La auctoritas romana

Bibliographic Details
Main Author: Clemente Fernǹdez, Ana Isabel
Format: eBook
Language:Spanish
Published: Madrid: Dykinson, 2014
Subjects:
Online Access:Acceso restringido

MARC

LEADER 00000nam a22000007a 4500
005 20140502220518.0
007 cr|||| |||
008 140502s2014 es |||||s|||| 00||0 spa d
020 |a 978-84-9031-804-1 
035 |a 12121 
040 |a vLex 
090 |c 4902  |d 4902 
100 1 |a Clemente Fernǹdez, Ana Isabel 
245 1 3 |a La auctoritas romana  |h [Recurso electrn̤ico] /  |c Ana Isabel Clemente Fernǹdez 
256 |a Servicio en ln̕ea 
260 |a Madrid:  |b Dykinson,  |c 2014 
300 |a 1 recurso electrn̤ico 
500 |a La bs︢queda del significado originario del třmino auctoritas constituye el tema central y objeto del presente trabajo de investigacin̤. La nocin̤ de auctoritas se muestra como una componente emblemt̀ica y destacada de la compleja nervadura que define al pueblo romano, cuya experiencia jurd̕ica, en palabras del prof. A. Fernǹdez de Bujǹ, es la ms̀ paradigmt̀ica de la historia europea. As,̕ en el anl̀isis del concepto de auctoritas observaremos que es una cualidad del auctor. Al tratarse de una cualidad que acompaą al ser, estimamos que participa del carc̀ter de una persona, reconociňdose con el tiempo la citada cualidad tambiň a instituciones, e incluso a cosas e ideas. Los actos efectuados por aquellos sujetos considerados auctores se hallan reforzados en virtud de la cualidad de auctoritas que poseen y que obra tal efecto aumentativo o de crecimiento en razn̤ de la posicin̤ de praeeminentia que ostentan… La posicin̤ de auctoritas despliega una faceta sociolg̤ica en la medida que, en el m̀bito de la comunidad, la cualidad de auctoritas es apreciable y reconocida por todos, resultando perceptible, patente e incuestionable su existencia, mimetizǹdose en una perfecta simbiosis social. En suma, la auctoritas cuenta con una naturaleza dialčtica, pues a partir de un proceso intelectual podemos llegar, mediante el significado de la palabra, a una realidad trascendental… 
506 1 |a Disponible solo en los productos indicados  |d vLex Global  |d vLex Global (Academic Edition, excluding Law Schools)  |d vLex Global (U.S. Academic Edition, Law Schools)  |d vLex Global (U.S. Academic Edition, excluding Law Schools)  |d vLex Global (Academic Edition, Law Schools) 
650 0 4 |a Derecho Civil  |z Espaą 
740 0 |a vLex Libros (Servicio en ln̕ea) 
856 4 0 |u http://vlex.com/source/auctoritas-romana-12121  |z Acceso restringido 
942 |c BOOK 
999 0 |a Civil Law